| 000 | 004680000a22001690004500 | ||
|---|---|---|---|
| 003 | MACL | ||
| 005 | 20151023093238.0 | ||
| 008 | 151023b xxu||||| |||| 00| 0 eng d | ||
| 040 |
_aMACL _cMACL |
||
| 041 | _aEnglish | ||
| 082 | _a954/TOD | ||
| 100 |
_aTod, James _913624 |
||
| 245 |
_aAnnals and Antiquties of Rajasthan _bThe Central and Western Rajput States of India |
||
| 260 |
_bM N Publishers _c1983 _aNew Delhi |
||
| 650 |
_aHistory _916236 |
||
| 942 |
_cBK _k954 _2ddc |
||
| 999 |
_c6200 _d6200 |
||